Documentos para la historia del constitucionalismo colombiano / (Registro nro. 4156)
[ vista simple ]
| 000 -LEADER | |
|---|---|
| fixed length control field | 01040nam a2200241Ia 4500 |
| 003 - CONTROL NUMBER IDENTIFIER | |
| control field | OSt |
| 005 - DATE AND TIME OF LATEST TRANSACTION | |
| control field | 20200803174353.0 |
| 008 - FIXED-LENGTH DATA ELEMENTS--GENERAL INFORMATION | |
| fixed length control field | 191128s1997 ck fr 000 0 spa d |
| 020 ## - INTERNATIONAL STANDARD BOOK NUMBER | |
| International Standard Book Number | 9586163237 |
| 040 ## - CATALOGING SOURCE | |
| Original cataloging agency | CO-JMCR |
| Transcribing agency | CO-JMCR |
| 041 0# - LANGUAGE CODE | |
| Language code of text/sound track or separate title | spa |
| 082 04 - DEWEY DECIMAL CLASSIFICATION NUMBER | |
| Classification number | 342.86 / |
| Item number | R436d1 |
| Edition number | 23 |
| 100 1# - MAIN ENTRY--PERSONAL NAME | |
| Personal name | Restrepo Piedrahita, Carlos, |
| Relator term | compilador |
| 9 (RLIN) | 442 |
| 245 10 - TITLE STATEMENT | |
| Title | Documentos para la historia del constitucionalismo colombiano / |
| Statement of responsibility, etc. | Carlos Restrepo Piedrahita |
| 250 ## - EDITION STATEMENT | |
| Edition statement | Primera edición |
| 260 ## - PUBLICATION, DISTRIBUTION, ETC. | |
| Place of publication, distribution, etc. | Bogotá : |
| Name of publisher, distributor, etc. | Universidad Externado de Colombia, |
| Date of publication, distribution, etc. | 1997 |
| 300 ## - PHYSICAL DESCRIPTION | |
| Extent | 361 Páginas ; |
| Dimensions | 21 cm. |
| 490 0# - SERIES STATEMENT | |
| Series statement | Documentos para la historia del constitucionalismo colombiano ; |
| Volume/sequential designation | 1 |
| 505 0# - FORMATTED CONTENTS NOTE | |
| Formatted contents note | Constitución de la República de Colomba, 1821 -- Estoy cansado de mandar y de tener responsabilidades. -- Como el sol que, firme en su centro, de vida al universo -- La constitución boliviana debe producir una revolución moral. |
| 651 #4 - SUBJECT ADDED ENTRY--GEOGRAPHIC NAME | |
| Geographic name | Colombia |
| General subdivision | constitución |
| 9 (RLIN) | 8274 |
| 651 #4 - SUBJECT ADDED ENTRY--GEOGRAPHIC NAME | |
| Geographic name | Colombia |
| General subdivision | historia constitucional |
| 9 (RLIN) | 7710 |
| 942 ## - ADDED ENTRY ELEMENTS (KOHA) | |
| Source of classification or shelving scheme | Dewey Decimal Classification |
| Koha item type | Books |
| Withdrawn status | Lost status | Source of classification or shelving scheme | Damaged status | Not for loan | Collection code | Home library | Current library | Date acquired | Source of acquisition | Total Checkouts | Full call number | Barcode | Date last seen | Date last checked out | Copy number | Koha item type |
|---|---|---|---|---|---|---|---|---|---|---|---|---|---|---|---|---|
| Dewey Decimal Classification | Non-fiction | Biblioteca Pública José María del Castillo y Rada | Biblioteca Pública José María del Castillo y Rada | 03/09/2018 | Donación | 1 | 342.86 / R436d | 201808978 | 05/16/2024 | 05/04/2023 | Ej.1 | Books |